000 00418ntaaa2200169 4500
003 01
005 20251027201932.0
008 0714s1973 ag 01
040 _aAR-BaBN
_bspa
_cAR-BaBN
_eaacr
_dRIC
082 _a224.5000 W14
100 _aWaldrop, Claracy L. M.
_917923
245 _aUnto Us; a Christmas pageant.
250 _a1 ed. :
_bBroadman Press,
_cc/957
300 _a15 p.
650 _aNavidad
942 _cBK
999 _c14074
_d14074